00656nam a22001817a 4500003000200000005001700002008004100019020002200060050002300082100002800105245006300133260004400196300004900240504005100289650004100340650005100381650004200432020250814164752.0250814b xxu||||| |||| 00| 0 eng d a979-8-88836-375-1 aPE 1475b.A88 2024 aAstwell, Eric,eauthor. aTechnical English :ba practical approach /cEric Astwell. aNew York, NY :bLarsen & Keller,c2024. a227 pages :bcolored illustrations ;c27 cm. aIncludes bibliographical references and index. aEnglish languagexTechnical English. aTechnical writingxEnglish-speaking countries. aEnglish languagexStudy and teaching.